| Tag |
First Indicator |
Second Indicator |
Subfields |
| LEADER |
00000cam a2200000 i 4500 |
| 001 |
in00000802455 |
| 005 |
20151017103932.0 |
| 008 |
791011m19799999dcua f00010 eng d |
| 010 |
|
|
|a gp 80002122
|
| 020 |
|
|
|c pbk.
|
| 035 |
|
|
|a (OCoLC)05536462
|
| 035 |
|
|
|9 ADT8508AM
|
| 037 |
|
|
|b 20230
|
| 040 |
|
|
|a APL
|c APL
|d GPO
|d MvI-ran
|d UtOrBLW
|
| 043 |
|
|
|a n-us---
|
| 074 |
|
|
|a 235
|
| 086 |
0 |
|
|a C 39.202:P 83/9/v.1-2
|
| 110 |
2 |
|
|a Tippetts-Abbett-McCarthy-Stratton.
|
| 245 |
1 |
0 |
|a Mid-America ports study :
|b final report /
|c Tippetts-Abbett-McCarthy-Stratton [and others].
|
| 264 |
|
1 |
|a [Washington] :
|b Dept. of Commerce, Maritime Administration,
|c 1979-
|
| 300 |
|
|
|a volumes :
|b illustrations ;
|c 28 cm.
|
| 336 |
|
|
|a text
|b txt
|2 rdacontent
|
| 337 |
|
|
|a unmediated
|b n
|2 rdamedia
|
| 338 |
|
|
|a volume
|b nc
|2 rdacarrier
|
| 500 |
|
|
|a June 1979.
|
| 505 |
1 |
|
|a v. 1. Main report.--v. 2. General appendices.
|
| 650 |
|
0 |
|a Shipping
|z United States.
|
| 650 |
|
0 |
|a Inland water transportation
|z United States.
|
| 650 |
|
0 |
|a Harbors
|z United States.
|
| 710 |
1 |
|
|a United States.
|b Maritime Administration.
|
| 999 |
|
|
|a MARS
|
| 999 |
f |
f |
|s 1c010500-09e0-32de-8c4c-1c3e3d0b3580
|i b05ce8ae-ddb0-3378-84a5-135ef047f196
|t 0
|
| 952 |
f |
f |
|p normal
|a Texas A&M University
|b College Station
|c Sterling C. Evans Library
|d Evans: US Documents (Annex 5th floor)
|t 0
|e C 39.202:P 83/9/v.1-2
|h Superintendent of Documents classification
|i unmediated -- volume
|k v.1
|m A14832409067
|
| 952 |
f |
f |
|p normal
|a Texas A&M University
|b College Station
|c Sterling C. Evans Library
|d Evans: US Documents (Annex 5th floor)
|t 0
|e C 39.202:P 83/9/v.1-2
|h Superintendent of Documents classification
|i unmediated -- volume
|k v.2
|m A14832409075
|
| 998 |
f |
f |
|a C 39.202:P 83/9/v.1-2
|t 0
|l Evans: US Documents (Annex 5th floor)
|